Szybkie klikanie (wersja wielka) - Statystyki

Ogólne statystyki
  • Ten quiz został rozwiązany 21 razy
  • Średni wynik to 86 z 110
Answers on the Grid
Answers color-coded by a green-red scale on the quiz's grid according to % correct below.
O
X
O
O
O
O
X
X
O
O
X
X
X
O
O
X
X
O
X
O
O
X
X
O
O
O
O
X
X
X
O
O
X
X
O
O
X
O
O
O
O
X
O
X
X
O
X
X
O
O
O
X
O
X
X
O
O
O
X
X
O
X
O
X
O
X
O
O
O
O
X
X
X
O
O
O
X
X
O
X
O
X
O
O
O
X
O
O
O
X
O
O
O
X
X
X
O
O
O
X
O
O
O
O
O
X
O
X
O
X
X
X
O
X
O
O
O
O
X
X
X
O
O
X
X
X
X
O
O
O
O
X
X
X
O
X
X
O
O
O
O
X
X
X
O
O
O
X
X
X
O
X
X
O
O
X
X
X
O
O
O
X
X
O
O
O
X
X
O
O
O
O
X
O
X
O
X
O
X
X
O
O
O
X
O
X
O
O
X
O
X
X
X
X
O
O
O
X
X
O
 
Statystyki odpowiedzi
Odpowiedź % Poprawnych
O
92%
O
92%
O
92%
O
85%
O
85%
O
85%
O
85%
O
85%
O
85%
O
85%
O
85%
O
85%
O
85%
O
85%
O
77%
O
77%
O
77%
O
77%
O
77%
O
77%
O
77%
O
77%
O
77%
O
77%
O
77%
O
77%
O
77%
O
77%
O
77%
O
77%
O
77%
O
77%
O
77%
O
77%
O
77%
O
77%
O
77%
O
77%
O
77%
O
77%
O
77%
O
77%
O
77%
O
77%
O
77%
O
77%
O
77%
O
77%
O
77%
O
77%
O
77%
O
77%
O
77%
O
77%
O
77%
O
77%
O
77%
O
77%
O
77%
O
77%
O
77%
O
77%
O
77%
O
77%
O
77%
O
77%
O
77%
O
77%
O
77%
O
77%
O
77%
O
77%
O
77%
O
77%
O
77%
O
77%
O
77%
O
77%
O
77%
O
77%
O
77%
O
77%
O
77%
O
77%
O
77%
O
77%
O
77%
O
77%
O
77%
O
77%
O
77%
O
77%
O
77%
O
77%
O
77%
O
77%
O
77%
O
77%
O
77%
O
77%
O
77%
O
77%
O
77%
O
77%
O
77%
O
77%
O
77%
O
77%
O
77%
O
69%
Nie znaleziono quizów pasujących do podanych kryteriów
Rozkład punktacji
Procent ludzi z każdym wynikiem
Percentyl według liczby udzielonych odpowiedzi
Twoja historia wyników
Nie rozwiązałeś tego quizu